Pelis De Terror - Kalenn - Estadísticas

Estadísticas generales
  • Esta prueba ha sido intentada 228 veces
  • La puntuación promedio es 43 de 267
Estadísticas de respuestas
Letra % Correcto
el
73%
él
73%
a
64%
la
55%
de
36%
ha
36%
lo
36%
Me
36%
me
36%
36%
si
36%
con
27%
del
27%
en
27%
es
27%
las
27%
Las
27%
27%
no
27%
No
27%
se
27%
Te
27%
te
27%
27%
tu
27%
Tu
27%
Y
27%
¿Cómo
18%
esta
18%
Has
18%
has
18%
que
18%
Que
18%
quiero
18%
ti
18%
yo
18%
aire
9%
al
9%
Aquí
9%
diferente
9%
ese
9%
hasta
9%
He
9%
he
9%
hiciste?
9%
ladrado
9%
pasado
9%
pasas
9%
pelis
9%
Pero
9%
pero
9%
perro
9%
Porque
9%
quién
9%
ser
9%
tele
9%
terror
9%
tus
9%
veces
9%
aburres
0%
admitirlo
0%
agobia
0%
Ahora
0%
ahora
0%
ambiente
0%
amigos
0%
apagarte
0%
Aunque
0%
aunque
0%
buzón
0%
cambiado
0%
cambio
0%
creer
0%
cruzado
0%
cuesta
0%
cueste
0%
daban
0%
demasiado
0%
derrito
0%
encendido
0%
Enséñame
0%
enséñame
0%
entre
0%
eriza
0%
escucharte
0%
facilidad
0%
falta
0%
gente
0%
joder
0%
lado
0%
mensaje
0%
miedo
0%
necesito
0%
olvidar
0%
olvidaste
0%
padres
0%
parece
0%
parezco
0%
pega
0%
perderte
0%
permanente
0%
piedra
0%
piel
0%
pienso
0%
porfa
0%
puedo
0%
quedado
0%
reconoció
0%
rutina
0%
saben
0%
sigue
0%
sillón
0%
situación
0%
sonando
0%
soy
0%
también
0%
tanta
0%
tardes
0%
velocidad
0%
vistes
0%
voz
0%
No se encontraron pruebas coincidentes
Distribución de puntuación
Porcentaje de gente con cada puntuación
Porcentaje por número respondido
Historial de tus puntuaciones
No has intentado esta prueba.